Fußball mit "I" - Statistiken

Allgemein
  • Dieses Quiz wurde 312 mal gespielt
  • Das Durchschnittsergebnis liegt bei 11 aus 14
Antwortstatistiken
Hinweis Antwort % Korrekt
Weltmeister 1934, 1938, 1982 und 2006 Italien
100%
Der bekannteste Club mit diesem Namen kommt aus Mailand, aber auch in Miami, Turku oder Bratislava gibt es solche Vereine Inter
96%
Schwedischer Spieler, der bei vielen europäischen Topclubs unter Vertrag stand; die meisten Spiele absolvierte er für Paris Saint-Germain Zlatan {Ibrahimović}
95%
Bayerischer Verein, der zwei Jahre lang in der Bundesliga spielte und "Schanzer" genannt wird FC {Ingolstadt}
93%
Defensive Position, die häufig mit IV abgekürzt wird Innenverteidiger
90%
Er erzielte kurz vor Ende der Verlängerung das Siegtor im WM-Finale 2010 Andres {Iniesta}
87%
Ein Trainer, der einen Verein nur kurzzeitig ohne festen Vertrag übernimmt {Interims}trainer
86%
Ein Freistoß, durch den nicht ohne eine weitere Berührung ein Tor erzielt werden darf, ist so Indirekt
82%
Schweizerisch-italienischer Funktionär, der 2016 Präsident der FIFA wurde und nicht überall beliebt ist Gianni {Infantino}
78%
Als das Land sich 1970 zum bisher einzigen Mal für eine WM qualifizierte, gehörte es noch zum asiatischen Verband; seit 1994 ist es Mitglied der UEFA Israel
76%
Der Club gewann 1962 als Aufsteiger die englische Meisterschaft und 1981 den UEFA-Pokal {Ipswich} Town
75%
Torhüter, der 1990 mit Deutschland Weltmeister wurde Bodo {Illgner}
52%
Stadion in Glasgow, das seit 1887 die Heimstätte der Rangers ist und seitdem mehrmals neu- und umgebaut wurde {Ibrox} Stadium
29%
Der Verein aus Avellaneda bei Buenos Aires ist mit sieben Titeln Rekordsieger in der südamerikanischen "Champions League" Copa Libertadores Independiente
22%
Keine übereinstimmenden Quizze gefunden
Verteilung der Resultate
Anzahl Personen mit jedem Resultat
Perzentil nach korrekt beantworteten Fragen
Ihre Resultats-Entwicklung
Sie haben dieses Quiz noch nicht gespielt